000 00680nam a2200121Ia 4500
008 171212s9999 xx 000 0 und d
245 _ceditor Feldman, Stephen M.
_aPlease Don't Wish Me a Merry Christmas
_bA Critical History of the Separation of Church and State
260 _bNew York University Press
_c1997
440 _aCritical America
650 _aChurch and state -- United States -- Controversial literature; Christianity and antisemitism -- United States; Christianity and antisemitism -- History; United States -- Church history -- 20th century; United States -- Politics and government -- 20th cent
650 _aLaw
856 _uhttp://www.jstor.org/stable/j.ctt9qfkf8
999 _c351549
_d351549